Los Futbolistas más Valiosos del Mundo - Estadísticas

Estadísticas generales
  • Esta prueba ha sido intentada 74 veces
  • La puntuación promedio es 12 de 18
Estadísticas de respuestas
Valor de mercado (M €) Nacionalidad Jugador % Correcto
180 Francia Kylian Mbappé
100%
200 España Lamine Yamal
100%
170 Brasil Vinicius Junior
97%
180 Noruega Erling Haaland
95%
180 Inglaterra Jude Bellingham
84%
130 Uruguay Federico Valverde
83%
140 Alemania Jamal Musiala
79%
140 España Pedri
76%
100 Argentina Julián Alvarez
70%
120 Suecia Alexander Isak
62%
150 Inglaterra Bukayo Saka
60%
100 Inglaterra Phil Foden
59%
140 Alemania Florian Wirtz
57%
110 España Rodri
56%
120 Inglaterra Cole Palmer
54%
120 Inglaterra Declan Rice
44%
100 Argentina Alexis Mac Allister
35%
100 Francia Michael Olise
29%
No se encontraron pruebas coincidentes
Distribución de puntuación
Porcentaje de gente con cada puntuación
Porcentaje por número respondido
Historial de tus puntuaciones
No has intentado esta prueba.